Espía del mundo

Gardado en:
Detalles Bibliográficos
Autor Principal: Papini, Giovanni (autor)
Formato: Libro
Idioma:Lingua castelá
Publicado: Buenos Aires EMECE 1959
Series:Colección Grandes Ensayistas
Subjects:
Tags: Engadir etiqueta
Sen Etiquetas, Sexa o primeiro en etiquetar este rexistro!

MARC

LEADER 00000nam a2200000 a 4500
001 UCY8741
003 CL-VaPUC
008 950707e19590000AG |||||||||||||||||spa|d
082 0 4 |a 854  |b PAP  |2 21 
100 |a Papini, Giovanni  |e autor   |9 456366 
245 1 0 |a Espía del mundo 
300 |a 505 p 
942 |c BK 
945 |d 19950707 00:00:00  |a rbrito 
260 |a Buenos Aires  |b EMECE  |c 1959 
650 7 |a ENSAYOS ITALIANOS  |2 CL-VaPUC  |9 313702 
583 |a last modification  |c 19950707 00:00:00  |k Rodrigo Vera 
490 0 |a Colección Grandes Ensayistas 
999 |c 235957  |d 235955